| 000 | 01070cab a2200253 4500 | ||
|---|---|---|---|
| 001 | ABS49066 | ||
| 008 | 090401t1993 xxu||||| |||| 00| 0 eng d | ||
| 035 | _a(Sirsi) u69743 | ||
| 041 | _aeng | ||
| 100 | _aPartridge, C. | ||
| 245 | _aRating valuation of composite property (part one) | ||
| 260 | _c1993 | ||
| 350 | _a0 | ||
| 490 |
_aCS Monthly : General Practice _v2(10) July/August 1993, 8(1) |
||
| 520 | _aComposite properties identified are flats above shops, residential boarding houses, moorings, tied farm cottages, and caravans. As no rules are laid down by the Local Government Finance Act 1988 to cover the distinction between composite properties and, say, domestic dwellings used partly for home-working, the article warns that valuation officers` decisions are discretionary, but offers guidance on current practice. | ||
| 650 | _aCOMPOSITE PROPERTIES | ||
| 650 | _aCOUNCIL TAX | ||
| 650 | _aRATES AND RATING | ||
| 650 | _aVALUATION ISSUES | ||
| 690 | _aRATING AND VALUATION | ||
| 700 | _aTrollope, D. | ||
| 942 | _n0 | ||
| 948 | _c04/03/1997 | ||
| 999 |
_c43836 _d43836 |
||